000 00301nam a2200109 a 4500
008 101209s1973|||| d
245 1 0 _aOd Rodina po Moora
_bslovník západoeurópskeho sochárstva 20. storočia
260 _bTatran
_aBratislava
_c1973
044 _axo
_cSK
041 _aslo
020 _c85
999 _c14988
_d14988